| 000 | 00809nam a2200205 a 4500 | ||
|---|---|---|---|
| 003 | 0 | ||
| 005 | 20250211104929.0 | ||
| 008 | 120719s19uu xx 00 eng d | ||
| 050 |
_aPGS QP 519.9.P5 _b.Es75 2012 |
||
| 100 | _aEsguerra, Alexandra Therese G. | ||
| 245 |
_aEffect of ripening on pH of Citrus limonium (Lemon) / _cAlexandra Therese G. Esguerra. |
||
| 260 |
_aLas PiƱas City, Philippines : _bSouthville International School and Colleges, _c2012. |
||
| 300 |
_a20 pages : _billustrations ; _c28 cm. |
||
| 504 | _aIncludes bibliographical references. | ||
| 650 |
_aAcidity in citrus fruits _vEffect of ripening. |
||
| 650 | _apH changes in fruits during ripening. | ||
| 650 |
_aCitrus fruits _vChemical composition during ripening. |
||
| 650 |
_aCitrus limonium _vRipening. |
||
| 942 |
_2lcc _cPASS |
||
| 999 |
_c98738 _d98738 |
||